000 00298nam a22001337a 4500
082 _a576
_bPOW/GE
100 _aPowar C.B
245 _aGeneral Microbiology, Vol.2
250 _a2
260 _aMumbai
_bHimalaya Publishing house
_c2008
300 _a695
700 _aDaginawala, H.F
942 _cBK
999 _c13629
_d13629